Top 20 Filme - Statistiken

Allgemein
  • Dieses Quiz wurde 225 mal gespielt
  • Das Durchschnittsergebnis liegt bei 4 aus 20
Answers on the Grid
Answers color-coded by a green-red scale on the quiz's grid according to % correct below.
Die Verurteilten
Der Pate I
The Dark Knight
Der Pate II
Die zwölf Geschworenen
Der Herr der Ringe: Die Rückkehr des Königs
Der Herr der Ringe: Die Gefährten
Pulp Fiction
Schindlers Liste
Der Herr der Ringe: Die zwei Türme
Zwei glorreiche Halunken
Forrest Gump
Fight Club
Inception
Star Wars Episode V
Matrix
Goodfellas
Interstellar
Einer flog über das Kuckucksnest
Se7en
Clockwork Orange
The Irishman
Once upon a Time in America
Once upon a Time in Hollywood
Oppenheimer
The Prestige
The Iron Claw
Django Unchained
Taxi Driver
American Psycho
Das Schweigen der Lämmer
The Green Mile
Whiplash
Departed
The Outsiders
American History X
Inglourious Basterds
The Dark Knight Rises
Avengers: Endgame
Oldboy
 
Antwortstatistiken
Antwort % Korrekt
Schindlers Liste
37%
Der Pate I
35%
Der Herr der Ringe: Die Rückkehr des Königs
29%
Der Herr der Ringe: Die Gefährten
27%
Der Pate II
27%
Die Verurteilten
26%
Pulp Fiction
26%
Der Herr der Ringe: Die zwei Türme
24%
The Dark Knight
22%
Fight Club
20%
Forrest Gump
20%
Inception
20%
Interstellar
20%
Matrix
17%
Die zwölf Geschworenen
16%
Star Wars Episode V
16%
Goodfellas
14%
Einer flog über das Kuckucksnest
11%
Se7en
10%
Zwei glorreiche Halunken
7%
Keine übereinstimmenden Quizze gefunden
Verteilung der Resultate
Anzahl Personen mit jedem Resultat
Perzentil nach korrekt beantworteten Fragen
Ihre Resultats-Entwicklung
Sie haben dieses Quiz noch nicht gespielt